[Event "HCL-A2530"]
[Site "www.playchess.de"]
[Date "2006.02.24"]
[Round "6"]
[White "StefanF"]
[Black "janaj"]
[WhiteElo "1700"]
[BlackElo "1248"]
[PlyCount "113"]
[Result "1-0"]

1.e4 c5 {Hallo aus München}  2.c3 g6 3.d4 Bg7 
4.dxc5 Nf6 5.f3 O-O 6.Be3 Nc6 7.Bd3 a6 8.Ne2 d6 
9.cxd6 Qxd6 10.O-O Ne5 11.Bc2 Nc4 12.Qxd6 exd6 
13.Bc1 Bd7 14.Bb3 Be6 15.Nf4 b5 16.Nxe6 fxe6 
17.Nd2 Kh8 18.Nxc4 bxc4 19.Bxc4 d5 20.exd5 exd5 
21.Bb3 h6 22.Be3 Rfe8 23.Bd4 a5 24.Rad1 a4 25.Bxd5 
Nxd5 26.Bxg7+ Kxg7 27.Rxd5 Re2 28.Rd7+ Kf6 29.Rd6+ 
Kf5 30.Rd5+ Kf6 31.Rd6+ Kf7 {(offering draw)}  
32.Rfd1 Rxb2 33.R1d2 Rxd2 34.Rxd2 Rc8 35.Rc2 Rc4 
36.Kf2 a3 37.Ke3 Kf6 38.Kd3 Ra4 39.c4 Ke5 40.c5 
Kd5 41.c6 Ra8 42.c7 Rc8 43.f4 Kd6 44.g4 Rxc7 
45.Rxc7 Kxc7 46.Ke4 Kd6 47.f5 gxf5+ 48.Kxf5 Kd5 
49.Kg6 Kc4 50.Kxh6 Kc3 51.g5 Kb2 52.g6 Kxa2 53.g7 
Kb2 54.g8Q a2 55.Qxa2+ Kxa2 56.h4 Kb3 
57.Kg7 1-0

[Event "HCL-C4063"]
[Site "www.playchess.de"]
[Date "2006.02.24"]
[Round "11"]
[White "mudelta"]
[Black "cla114"]
[WhiteElo "1125"]
[BlackElo "825"]
[PlyCount "71"]
[Result "1-0"]

1.e4 {hi gl}  d6 {u2}  2.f4 Nf6 3.e5 dxe5 4.fxe5 
Ne4 5.Qf3 Nc5 6.Nc3 e6 7.Bc4 Be7 8.Nge2 Nc6 9.d3 
O-O 10.Bd2 Nxe5 11.Qg3 Ng6 12.O-O-O b6 13.Nf4 Nxf4 
14.Bxf4 Ba6 15.Bxc7 Qd7 16.Bf4 Bxc4 17.dxc4 Qc6 
18.Bh6 Bf6 19.Rhf1 Ne4 20.Nxe4 Qxe4 21.Rxf6 Qg6 
22.Rxg6 hxg6 23.Be3 f5 24.h4 e5 25.Qxg6 f4 26.Bd2 
Rf6 27.Qg5 e4 28.Bxf4 Re8 29.Rd6 Ref8 30.Rxf6 Rxf6 
31.Be5 Rf7 32.Qd8+ Kh7 33.Qd5 e3 34.Qxf7 e2 35.Qf2 
e1Q+ 36.Qxe1 1-0

[Event "HCL-B3799"]
[Site "www.playchess.de"]
[Date "2006.02.24"]
[Round "16"]
[White "Bense"]
[Black "ariel1978"]
[WhiteElo "1012"]
[BlackElo "1332"]
[PlyCount "102"]
[Result "0-1"]

1.e4 c5 2.Nc3 Nc6 3.Bb5 d6 4.Qf3 Bd7 5.Bc4 Ne5 
6.Qe2 a6 7.Nf3 Bg4 8.h3 Bxf3 9.gxf3 b5 10.Bd5 Rb8 
11.a4 e6 12.Ba2 b4 13.Nd1 Qf6 14.d3 Nxf3+ 15.Kf1 
Nd4 16.Qd2 Qf3 17.Rh2 Qh5 18.Rh1 Be7 19.Ne3 Nf6 
20.b3 Qf3 21.Rh2 Nh5 22.Bb2 Ng3+ 23.Ke1 Qh5 
24.Bxd4 cxd4 25.Ng2 Bg5 26.Qd1 Qxd1+ 27.Rxd1 Rc8 
28.fxg3 Rxc2 29.Bb1 Rb2 30.Kf1 Rxb3 31.h4 Bh6 
32.g4 g6 33.Ne1 Ra3 34.Rc2 O-O 35.Rc6 Rxa4 36.Rxd6 
Rc8 37.Rb6 Ra3 38.Rxb4 a5 39.Rxd4 Be3 40.Rd6 Ra1 
41.Rb6 a4 42.Ke2 Bxb6 43.Nf3 a3 44.Nd2 a2 45.h5 
axb1Q 46.Rxb1 Ra2 47.Kd1 Rcc2 48.Nf3 Rcf2 49.Ne1 
Be3 50.h6 Rad2+ 51.Kc1 Rxd3+ 0-1

[Event "HCL-A2568"]
[Site "www.playchess.de"]
[Date "2006.02.24"]
[Round "4"]
[White "golem"]
[Black "Chas"]
[WhiteElo "1600"]
[BlackElo "1425"]
[PlyCount "34"]
[Result "0-1"]

1.e4 d5 2.exd5 Nf6 3.d4 Nxd5 4.c4 Nf6 5.Nf3 Bg4 
6.Be2 e6 7.Nc3 Bb4 8.Bd2 Nc6 9.a3 Be7 10.Bf4 Bd6 
11.Bxd6 Qxd6 12.d5 Bxf3 13.Bxf3 Ne5 14.Be2 O-O 
15.O-O a6 16.f4 Qc5+ 17.Rf2 Nxc4 0-1

[Event "HCL-A2623"]
[Site "www.playchess.de"]
[Date "2006.02.24"]
[Round "8"]
[White "foinaven"]
[Black "hal1958"]
[WhiteElo "1396"]
[BlackElo "1416"]
[PlyCount "63"]
[Result "1-0"]

1.d4 {I was too greedy in our last game - pity it 
ended with a blunder!}  Nf6 {Just try again.}  
2.c4 c5 3.d5 {Same opening so far...}  e6 4.Nc3 
exd5 5.cxd5 d6 6.e4 a6 7.a4 g6 8.Nf3 Bg7 9.Be2 O-O 
10.O-O Bg4 11.Bg5 Nbd7 12.Nd2 {Have you the same 
data base as me?}  Bxe2 {I play without a 
database. Did not even look into a book for this 
game.}  13.Qxe2 Qe8 14.Nc4 Qb8 15.f4 {I keep 
getting "ïnternal server errors"}  h6 16.Bh4 {Are 
you having problems with the site?}  Nh7 {no 
problems for me}  17.Be7 Re8 18.Bxd6 Qc8 19.a5 
Bd4+ 20.Kh1 Bxc3 21.bxc3 Nhf6 22.e5 Nxd5 23.Qf3 
{dunnow what i was doing last move???}  Nc7 
24.Bxc7 Qxc7 25.Nd6 Reb8 26.Qd5 Nf8 27.Rf2 Ne6 
28.Raf1 Qxa5 29.f5 gxf5 30.R2xf5 Qxc3 31.R5xf7 Ng5 
32.R7f3+ {Not your normal standard!} 
 1-0

[Event "HCL-E1574"]
[Site "www.playchess.de"]
[Date "2006.02.24"]
[Round "13"]
[White "golddim"]
[Black "HOTSUN"]
[WhiteElo "1469"]
[BlackElo "1629"]
[PlyCount "34"]
[Result "0-1"]

1.e4 {Greetings}  e5 {hi again}  2.f4 d6 3.Nf3 Bg4 
4.fxe5 dxe5 5.Be2 Nc6 6.O-O Bxf3 7.Bxf3 Nf6 8.d3 
h6 9.Nc3 Qd7 10.Nd5 Nxd5 11.exd5 Ne7 12.c4 c6 
13.dxc6 Nxc6 14.Re1 Bd6 15.Bf4 O-O 16.Bxc6 bxc6 
17.Bxe5 Bxe5 0-1

[Event "HCL-C4164"]
[Site "www.playchess.de"]
[Date "2006.02.24"]
[Round "33"]
[White "nichju"]
[Black "Gordon"]
[WhiteElo "1075"]
[BlackElo "1008"]
[PlyCount "50"]
[Result "0-1"]

1.e4 {Greetings from Germany and good luck to you} 
 c5 {And from Scotland, I hope we will have a good 
game.}  2.c3 d6 3.d4 cxd4 4.cxd4 Nf6 5.Nc3 Bg4 
6.Be2 Bxe2 7.Ngxe2 e5 8.dxe5 dxe5 9.Qxd8+ Kxd8 
10.O-O Bc5 11.Rd1+ Nbd7 12.Nb5 Rc8 13.Nd6 Bxd6 
14.Rxd6 Ke7 15.Ra6 bxa6 16.b3 Nxe4 17.Ba3+ Ndc5 
18.f4 Rhd8 19.fxe5 Rd2 20.Nf4 Rcd8 21.h4 Rf2 
22.Nd3 Rxd3 23.b4 Rg3 24.bxc5 Rgxg2+ 25.Kh1 
Ng3+ 0-1

[Event "HCL-C4180"]
[Site "www.playchess.de"]
[Date "2006.02.24"]
[Round "9"]
[White "lontjr"]
[Black "patzer55"]
[WhiteElo "1114"]
[BlackElo "800"]
[PlyCount "34"]
[Result "0-1"]

1.e4 {Welcome to playchess.de, here's to a good 
game!}  e5 2.f4 d5 {Hello lontjr, I 
try
}  3.d4 dxe4 4.fxe5 f6 5.Nc3 Bb4 6.Bd2 Qxd4 7.Nf3 
exf3 8.Qxf3 Qxe5+ 9.Be2 Nc6 10.O-O-O Qf5 11.Qg3 g6 
12.Rhf1 Qa5 13.Nb5 Bxd2+ 14.Rxd2 Qxa2 15.c3 Qa1+ 
16.Kc2 Bf5+ 17.Bd3 Qxf1 0-1

[Event "HCL-E1562"]
[Site "www.playchess.de"]
[Date "2006.02.24"]
[Round "1"]
[White "Mosaik"]
[Black "Josef1901"]
[WhiteElo "1583"]
[BlackElo "1573"]
[PlyCount "104"]
[Result "0-1"]

1.e4 c5 {viel glück}  2.Nf3 d6 3.d4 {Servus Josef, 
schöne Partie}  cxd4 4.Nxd4 Nf6 5.Bd3 a6 6.Nc3 e6 
7.O-O Be7 8.Be3 O-O 9.h3 Qc7 10.Nf3 Nc6 11.a3 b5 
12.b4 Nxb4 13.Nxb5 axb5 14.axb4 Bd7 15.Qd2 Bc6 
16.Qc3 Qb7 17.Nd2 Nxe4 18.Nxe4 Bxe4 19.Bxe4 Qxe4 
20.Qc7 Rxa1 21.Rxa1 Bf6 22.Rb1 Be5 23.Bd2 d5 
24.Qc5 Qe2 25.Be3 h6 26.c3 Qd3 27.Rc1 Ra8 28.Bd4 
Bf4 29.Be3 Bxe3 30.fxe3 Ra2 31.Kh2 Qe2 32.Rg1 Rc2 
33.Qd4 Qc4 34.Re1 Qxd4 35.cxd4 Rb2 36.Kg3 Rxb4 
37.Kf4 Rb2 38.g4 b4 39.h4 b3 40.Ke5 Rg2 41.Kf4 b2 
42.Rb1 Kf8 43.Kf3 Rc2 44.h5 Ke7 45.Kg3 Kd6 46.Kf4 
f6 47.e4 dxe4 48.Kxe4 Rh2 49.Kf4 Kd5 50.Ke3 Rg2 
51.Kf3 Rh2 52.Ke3 Kc4 0-1

[Event "HCL-A2618"]
[Site "www.playchess.de"]
[Date "2006.02.24"]
[Round "9"]
[White "Widukind"]
[Black "vevivi"]
[WhiteElo "1801"]
[BlackElo "1700"]
[PlyCount "49"]
[Result "1/2-1/2"]

1.d4 {Hallo vevivi! Lets have a nice game.}  d5 
{Hallo!, good game!}  2.Nf3 Nf6 3.e3 e6 4.Bd3 Bd6 
5.Nbd2 Nbd7 6.O-O O-O 7.Re1 h6 8.e4 dxe4 9.Nxe4 
Nxe4 10.Rxe4 b6 11.Rg4 Nf6 12.Rh4 Re8 13.Ne5 Bb7 
14.Qe2 c5 15.Bb5 Re7 16.dxc5 Bxc5 17.Nc6 Bxc6 
18.Bxc6 Rc8 19.Bb5 Qd5 20.c3 Rd8 21.b4 Qd1+ 22.Qf1 
Qxf1+ 23.Kxf1 Bd6 24.Rd4 Nd5 25.Bd2 {(offering 
draw)}  1/2-1/2

[Event "HCL-B3746"]
[Site "www.playchess.de"]
[Date "2006.02.24"]
[Round "7"]
[White "jerrylaine"]
[Black "kadarka"]
[WhiteElo "1543"]
[BlackElo "1603"]
[PlyCount "61"]
[Result "1/2-1/2"]

1.e4 e5 2.Nf3 Nc6 3.Bb5 a6 4.Ba4 Nf6 5.d4 b5 6.Bb3 
exd4 7.e5 Ne4 8.Bd5 Bb4+ 9.c3 dxc3 10.O-O cxb2 
11.Bxb2 Nc5 12.Qc2 Ne6 13.a4 Bb7 14.Be4 h6 15.Rd1 
Qe7 16.Qd3 Nc5 17.Qe2 Nxe4 18.Qxe4 O-O-O 19.axb5 
axb5 20.Qd3 Qc5 21.Rc1 Qb6 22.Na3 Ba6 23.Bd4 Qb7 
24.Nc2 Ba5 25.Qa3 b4 26.Qb3 Be2 27.Nce1 Bxf3 
28.Nxf3 Rhf8 29.Bc5 Bb6 30.Bxf8 Rxf8 31.Ra4 
{(offering draw)}  1/2-1/2

[Event "HCL-C4168"]
[Site "www.playchess.de"]
[Date "2006.02.24"]
[Round "10"]
[White "rwdiamond"]
[Black "Skipper_Robert"]
[WhiteElo "1243"]
[BlackElo "1008"]
[PlyCount "55"]
[Result "1-0"]

1.e4 e5 2.Nf3 Nc6 3.g3 Nf6 4.d3 Bc5 5.Bg2 d6 6.O-O 
O-O 7.Nc3 a6 8.Bg5 Be6 9.Re1 h6 10.Be3 Ng4 11.Bxc5 
dxc5 12.Na4 Nd4 13.Nxc5 Nxf3+ 14.Qxf3 Qd4 15.Nxe6 
Qxb2 16.Nxf8 Kxf8 17.Qxg4 Qxc2 18.Rac1 Qd2 19.Red1 
Qxa2 20.Rxc7 Qa4 21.Rc8+ Rxc8 22.Qxc8+ Ke7 
23.Qxb7+ Kf6 24.Rc1 Qa3 25.Rc6+ Kg5 26.h4+ Kg4 
27.Qd7+ Kh5 28.Bf3+ 1-0

[Event "HCL-E1580"]
[Site "www.playchess.de"]
[Date "2006.02.24"]
[Round "5"]
[White "Harijs"]
[Black "XANDERKIRV"]
[WhiteElo "1846"]
[BlackElo "1486"]
[PlyCount "48"]
[Result "1-0"]

1.d4 {hi}  d5 {Hello and good luck.}  2.c4 e6 
3.Nf3 Nf6 4.Nc3 c6 5.e3 h6 6.Bd3 dxc4 7.Bxc4 b5 
8.Bd3 Bb7 9.O-O Be7 10.Ne5 O-O 11.Qf3 Qc7 12.Qg3 
Bd6 13.f4 a6 14.a4 b4 15.Ne4 Nxe4 16.Bxe4 c5 
17.Bxb7 Qxb7 18.Ng4 Kh8 19.dxc5 Bxc5 20.f5 exf5 
21.Nxh6 gxh6 22.Qe5+ Kh7 23.Qxc5 Qe4 24.Qxf8 
Nd7 1-0

[Event "HCL-C4013"]
[Site "www.playchess.de"]
[Date "2006.02.24"]
[Round "4"]
[White "notty"]
[Black "Milosforman"]
[WhiteElo "800"]
[BlackElo "937"]
[PlyCount "50"]
[Result "0-1"]

1.c4 e5 2.g4 d6 3.h4 Bxg4 4.f3 Bh5 5.Nh3 g6 6.b3 
Be7 7.Nf2 Bxh4 8.Rxh4 Qxh4 9.Bh3 Qd4 10.e3 Qh4 
11.Ke2 e4 12.Nxe4 Qxe4 13.Nc3 Qxf3+ 14.Kd3 Qxd1 
15.Nxd1 Bxd1 16.Bc8 Bf3 17.Ba3 f5 18.Rg1 Ke7 
19.Rg5 Nc6 20.Rxf5 gxf5 21.Bxb7 Ne5+ 22.Kc3 Bxb7 
23.Kd4 c5+ 24.Kc3 h5 25.Bxc5 dxc5 0-1

[Event "HCL-B3862"]
[Site "www.playchess.de"]
[Date "2006.02.24"]
[Round "10"]
[White "pytolo98"]
[Black "Gilt"]
[WhiteElo "1218"]
[BlackElo "1335"]
[PlyCount "72"]
[Result "0-1"]

1.e4 c5 2.Bc4 e6 3.d3 a6 4.Nf3 b5 5.Bb3 g6 6.a3 
Bh6 7.Bxh6 Nxh6 8.Nbd2 d5 9.O-O O-O 10.a4 c4 
11.dxc4 bxc4 12.Ba2 Nc6 13.Qc1 a5 14.Nb1 Ng4 15.h3 
Nf6 16.e5 Ne4 17.Nbd2 Qc7 18.Nxe4 dxe4 19.Ng5 Qxe5 
20.h4 Nd4 21.Bxc4 Ba6 22.Bxa6 Rxa6 23.Re1 f5 24.c3 
Nb3 25.Qe3 Nxa1 26.Rxa1 Rd8 27.Qe2 Rad6 28.f3 R6d2 
29.Qe1 Qc5+ 30.Kh1 Qf2 31.Qg1 Qxh4+ 32.Nh3 exf3 
33.Kh2 f4 34.Kh1 Qg3 35.Qh2 fxg2+ 36.Kg1 
Qe3+ 0-1

[Event "HCL-C3993"]
[Site "www.playchess.de"]
[Date "2006.02.24"]
[Round "3"]
[White "therapie"]
[Black "Senescal"]
[WhiteElo "800"]
[BlackElo "800"]
[PlyCount "65"]
[Result "1-0"]

1.e4 {good game!}  e5 {Thank you so much!!!  
You're welcome!!!}  2.Nf3 Nc6 {Man, you are very 
fast!!!!}  3.Bb5 {Fast? now it's my third move. 
:)}  Nf6 {Your Move Now, ok?}  4.Bxc6 dxc6 5.O-O 
Nxe4 6.Re1 Bf5 7.d3 Nf6 8.Nxe5 Be7 9.Bg5 O-O 
10.Nc3 Re8 11.Bxf6 Bxf6 12.Qf3 Bxe5 13.Qxf5 Qf6 
14.Qxf6 Bxf6 15.Kf1 Rad8 16.Rxe8+ Rxe8 17.Re1 
Rxe1+ 18.Kxe1 {(offering draw)}  Kf8 19.Kd2 Ke7 
20.b3 Bxc3+ 21.Kxc3 Kd6 22.Kd4 f5 23.c4 c5+ 24.Ke3 
h6 25.Kf4 Ke6 26.f3 g5+ 27.Ke3 Ke5 28.g3 f4+ 
29.Ke2 Kd4 30.Kd2 a5 31.g4 c6 32.a4 b6 
33.h3 1-0

[Event "HCL-C4128"]
[Site "www.playchess.de"]
[Date "2006.02.24"]
[Round "8"]
[White "trebli"]
[Black "crosta"]
[WhiteElo "819"]
[BlackElo "1178"]
[PlyCount "40"]
[Result "0-1"]

1.e4 c6 2.d3 {Hi, from Buenos Aires.}  d5 3.f3 e5 
4.Ne2 Nf6 5.g4 Na6 6.b3 Nc5 7.b4 Na4 8.c3 c5 
9.bxc5 Nxc5 10.Bh3 h6 11.d4 dxe4 12.fxe4 Ncxe4 
13.c4 exd4 14.Nxd4 Nxg4 15.Bxg4 Qh4+ 16.Ke2 Bxg4+ 
17.Nf3 Qf2+ {you got into bad trouble,I know the 
feeling!}  18.Kd3 O-O-O+ 19.Kxe4 Bxf3+ {thanks for 
the game! would you like another? you play 
fast,some take a week to reply!!}  20.Qxf3 
Rd4+ 0-1

[Event "HCL-B3855"]
[Site "www.playchess.de"]
[Date "2006.02.24"]
[Round "7"]
[White "Korto"]
[Black "sonnygarcia"]
[WhiteElo "1231"]
[BlackElo "1021"]
[PlyCount "42"]
[Result "0-1"]

1.d4 e6 2.c4 b6 3.Nf3 Bb7 4.e3 c5 5.Nc3 Nf6 6.Bd3 
cxd4 7.exd4 Bb4 8.Qc2 O-O 9.Bg5 Bxf3 10.gxf3 h6 
11.Bh4 Be7 12.O-O-O d5 13.Ne2 Nc6 14.c5 bxc5 
15.dxc5 Qa5 16.Bxf6 Bxf6 17.Kb1 Nb4 18.Qb3 Rab8 
19.a3 Nxd3 20.Qxd3 Rxb2+ 21.Kc1 
Qxc5+ 0-1

[Event "HCL-A2608"]
[Site "www.playchess.de"]
[Date "2006.02.24"]
[Round "5"]
[White "maus"]
[Black "BohdanL"]
[WhiteElo "1390"]
[BlackElo "1488"]
[PlyCount "79"]
[Result "1-0"]

1.e4 {&#1087;&#1088;&#1080;&#1074;&#1077;&#1090; 
&#1086;&#1090; &#1073;&#1099;&#1074;&#1096;&#1080;&#1093; 
&#1087;&#1086;&#1083;&#1090;&#1072;&#1074;&#1095;&#1072;&#1085;!} 
 g6 {&#1055;&#1088;&#1080;&#1074;&#1077;&#1090; 
&#1089; &#1043;&#1086;&#1083;&#1072;&#1085;&#1076;&#1080;&#1080; 
&#1086;&#1090; &#1083;&#1100;&#1074;&#1086;&#1074;&#1103;&#1085; 
:-) &#1076;&#1072;&#1074;&#1085;&#1086; 
&#1091;&#1077;&#1093;&#1072;&#1083;&#1080;}  2.e5 
{&#1084;&#1099; &#1085;&#1077; 
&#1086;&#1095;&#1077;&#1085;&#1100;- 7 
&#1083;&#1077;&#1090;}  Bg7 { &#1084;&#1086;&#1078;&#1085;&#1086; 
&#1089;&#1087;&#1088;&#1086;&#1089;&#1080;&#1090;&#1100; 
&#1074; &#1082;&#1072;&#1082;&#1091;&#1102; 
&#1089;&#1090;&#1088;&#1072;&#1085;&#1091;?}  3.d4 
{&#1072; &#1091; &#1042;&#1072;&#1089; 
&#1092;&#1083;&#1072;&#1078;&#1086;&#1082; 
&#1085;&#1077; &#1074;&#1080;&#1076;&#1085;&#1086; 
&#1088;&#1072;&#1079;&#1074;&#1077;- &#1074; 
&#1048;&#1079;&#1088;&#1072;&#1080;&#1083;&#1100;} 
 c5 {&#1092;&#1083;&#1072;&#1078;&#1086;&#1082; 
&#1085;&#1077; &#1074;&#1089;&#1077;&#1075;&#1076;&#1072; 
&#1089;&#1086;&#1086;&#1090;&#1074;&#1077;&#1090;&#1089;&#1090;&#1074;&#1091;&#1077;&#1090; 
&#1089;&#1090;&#1088;&#1072;&#1085;&#1077; 
&#1087;&#1088;&#108}  4.Be3 {&#1074;&#1086;&#1086;&#1073;&#1097;&#1077;-&#1090;&#1086;,&#1076;&#1072;} 
 cxd4 {&#1074;&#1099; 2&#1081;  
&#1088;&#1091;&#1089;&#1089;&#1082;&#1086;&#1075;&#1086;&#1074;. 
&#1089; &#1048;&#1079;&#1088;&#1072;&#1080;&#1083;&#1103; 
&#1089; &#1082;&#1077;&#1084; &#1103; 
&#1080;&#1075;&#1088;&#1072;&#1083; 
&#1079;&#1076;&#1077;&#1089;&#110}  5.Bxd4 
{&#1101;&#1090;&#1086; golddim?}  Nc6 
{&#1076;&#1072;, &#1084;&#1099;  
&#1074;&#1089;&#1090;&#1088;&#1077;&#1095;&#1072;&#1083;&#1080;&#1089;&#1100; 
&#1085;&#1077;&#1089;&#1082;&#1086;&#1083;&#1100;&#1082;&#1086; 
&#1088;&#1072;&#1079;}  6.Nf3 Nxd4 7.Qxd4 d6 
8.Bb5+ Bd7 9.Qd5 Qa5+ 10.Nc3 Bxb5 11.Qxb7 Rd8 
12.Qxb5+ Qxb5 13.Nxb5 dxe5 14.Nxa7 e4 15.Nc6 Rc8 
16.Nfd4 e5 17.Na7 Rb8 18.Nb3 Ne7 19.Na5 Ra8 
20.N5c6 Nxc6 21.Nxc6 O-O 22.O-O Kh8 23.Rfe1 Rfc8 
24.Nb4 Rc4 25.c3 Rd8 26.a4 Rd2 27.Red1 Bh6 28.Rxd2 
Bxd2 29.a5 e3 30.fxe3 Bxe3+ 31.Kf1 f5 32.a6 Ba7 
33.Nd5 f4 34.b4 Kg7 35.b5 Rc5 36.b6 Rxd5 37.bxa7 
Rd8 38.Rb1 Ra8 39.Rb8 Rxa7 40.Rb7+ 1-0

[Event "HCL-B3703"]
[Site "www.playchess.de"]
[Date "2006.02.24"]
[Round "8"]
[White "Regicide"]
[Black "lasker"]
[WhiteElo "936"]
[BlackElo "1200"]
[PlyCount "68"]
[Result "0-1"]

1.e4 {Hello}  e5 2.Qh5 Nf6 3.Qxe5+ Be7 4.Qf4 d6 
5.Qg3 O-O 6.d3 Nc6 7.Bh6 Ne8 8.d4 Nxd4 9.Na3 Kh8 
10.Be3 Nc6 11.Bd3 Ne5 12.Bd4 Bf6 13.Nf3 Nxf3+ 
14.Qxf3 Bxd4 15.O-O-O Be6 16.Nb5 Be5 17.h4 c6 
18.Na3 Qb6 19.b3 a5 20.h5 a4 21.Kd2 Qb4+ 22.Ke2 
Nf6 23.Nc4 Bg4 24.Nxe5 Bxf3+ 25.Nxf3 Nxe4 26.Bxe4 
Qxe4+ 27.Kd2 axb3 28.axb3 Ra2 29.Rdc1 Qd5+ 30.Kc3 
Qc5+ 31.Kd2 Qxf2+ 32.Kd3 Qxg2 33.Rhf1 Rxc2 34.Rxc2 
Qxf1+ 0-1

[Event "HCL-E1541"]
[Site "www.playchess.de"]
[Date "2006.02.24"]
[Round "19"]
[White "hakam_kilani"]
[Black "Vinci"]
[WhiteElo "1738"]
[BlackElo "1588"]
[PlyCount "97"]
[Result "1-0"]

1.e4 e6 {hi from zürich and enjoy the game!}  2.d4 
d5 3.exd5 exd5 4.Nc3 c6 5.Bf4 Bd6 6.Qd2 Bf5 7.Nf3 
Ne7 8.h3 O-O 9.O-O-O Ng6 10.Be3 b5 11.g4 Be6 
12.Ne1 Qc7 13.Ne2 Na6 14.f4 f5 15.g5 c5 16.dxc5 
Nxc5 17.h4 Ne4 18.Qd3 Nxf4 19.Nxf4 Bxf4 20.Bg2 Nf2 
{!}  21.Qd2 Bxe3 22.Qxe3 Qb6 23.Qe5 Nxd1 24.Kxd1 
f4 25.Nf3 Qe3 26.Re1 Qxe5 27.Rxe5 Rae8 28.Kd2 Bg4 
29.Rxd5 Bxf3 30.Bxf3 Red8 31.Ke2 Rfe8+ 32.Kf2 Rxd5 
33.Bxd5+ Kf8 34.Kf3 Ke7 35.Kxf4 Kd6 36.Be4 Rf8+ 
37.Kg4 h6 38.gxh6 gxh6 39.Kh5 Rf4 40.Bd3 b4 
41.Kxh6 Rxh4+ 42.Kg5 Rh1 43.Kf5 Kd5 44.Be4+ Kd4 
{lucky guy ;-) good move}  45.Bxh1 a5 46.Bc6 Ke3 
47.a3 bxa3 48.bxa3 Kd2 49.c4 1-0

[Event "HCL-M882"]
[Site "www.playchess.de"]
[Date "2006.02.24"]
[Round "9"]
[White "randa"]
[Black "XiaoAn"]
[WhiteElo "2306"]
[BlackElo "1682"]
[PlyCount "47"]
[Result "1-0"]

1.e4 {hi from Plzen, Czech republic. Good luck!}  
e5 {greetings from utrecht, Holland, have a nice 
game!}  2.Nf3 Nc6 3.Nc3 Bb4 4.Nd5 Ba5 5.c3 Nf6 
6.d4 Nxd5 7.exd5 Nxd4 8.Nxe5 Nf5 9.Bd3 d6 10.Qa4+ 
c6 11.dxc6 O-O 12.Nc4 Re8+ 13.Kf1 b6 14.Nxa5 bxa5 
15.c7 Qd7 16.Qxd7 Bxd7 17.Bf4 d5 18.Rd1 Ne7 19.Ba6 
Bc6 20.f3 Nc8 21.Kf2 Nb6 22.Rhe1 f6 23.Rxe8+ Rxe8 
24.Be3 1-0

[Event "HCL-E1566"]
[Site "www.playchess.de"]
[Date "2006.02.24"]
[Round "10"]
[White "Matu"]
[Black "Dutchin"]
[WhiteElo "1521"]
[BlackElo "1627"]
[PlyCount "22"]
[Result "0-1"]

1.Nf3 Nf6 2.b3 g6 3.Bb2 Bg7 4.g3 O-O 5.Bg2 d5 
6.O-O c5 7.e3 Nc6 8.d4 Ne4 9.Nbd2 Bf5 10.a3 Rc8 
11.dxc5 Bxb2 0-1

[Event "HCL-A2498"]
[Site "www.playchess.de"]
[Date "2006.02.24"]
[Round "10"]
[White "kali"]
[Black "cabe"]
[WhiteElo "1456"]
[BlackElo "1415"]
[PlyCount "59"]
[Result "1-0"]

1.Nf3 d6 2.g3 g6 3.Bg2 Bg7 4.d3 e5 5.O-O Nf6 6.c4 
O-O 7.Nc3 Bf5 8.Bg5 h6 9.Bxf6 Bxf6 10.Nd5 Nc6 
11.a3 Bg7 12.Nh4 Bd7 13.e3 Be6 14.Nc3 Qd7 15.Nd5 
e4 16.d4 g5 17.Nf3 exf3 18.Bxf3 Bh3 19.Bg2 Bxg2 
20.Kxg2 Kh8 21.Rc1 Ne7 22.Nxe7 Qxe7 23.b4 Qe4+ 
24.Kg1 f5 25.c5 dxc5 26.dxc5 Bb2 27.Rc2 Bxa3 
28.Rd2 Qxb4 29.Rd7 Qxc5 30.Qa1+ 1-0

[Event "ACL-M080"]
[Site "www.playchess.de"]
[Date "2006.02.24"]
[Round "7"]
[White "jrpechie"]
[Black "el_Tiburon"]
[WhiteElo "1882"]
[BlackElo "1864"]
[PlyCount "81"]
[Result "1-0"]

1.e4 {Hello and good luck}  c5 {Good luck}  2.Nf3 
d6 3.d4 cxd4 4.Nxd4 Nf6 5.Nc3 e6 6.g4 h6 7.h4 Nc6 
8.Rg1 h5 9.gxh5 Nxh5 10.Bg5 Nf6 11.Qd2 Qb6 12.Nb3 
a6 13.O-O-O Bd7 14.Rg3 Qc7 15.Be2 O-O-O 16.Kb1 Be7 
17.f4 Kb8 18.h5 Bc8 19.Qe1 Rd7 20.Qf2 Nxh5 21.Bxh5 
Bxg5 22.Rxg5 f6 23.Bg4 fxg5 24.Bxe6 gxf4 25.Bxd7 
Bxd7 26.Nd5 Qd8 27.Qxf4 Be6 28.Nc5 Bc8 29.Nd3 g5 
30.Qg3 Rh3 31.Qg1 g4 32.Nb6 Rh6 33.Nd5 Be6 34.N3f4 
Bxd5 35.Nxd5 {(offering draw)}  Ne5 36.a3 Rh8 
37.Qf2 Rf8 38.Qe1 Rf3 39.Qb4 g3 40.Rg1 Nc6 
41.Qe1 1-0

[Event "HCL-A2618"]
[Site "www.playchess.de"]
[Date "2006.02.24"]
[Round "10"]
[White "foinaven"]
[Black "Widukind"]
[WhiteElo "1419"]
[BlackElo "1801"]
[PlyCount "58"]
[Result "0-1"]

1.d4 d5 2.c4 e6 3.Nc3 c5 4.Nf3 Nc6 5.e3 Nf6 6.cxd5 
exd5 7.Be2 cxd4 8.Nxd4 Bd6 9.a3 O-O 10.Ncb5 Bb8 
11.b4 Ne5 12.Bb2 a6 13.Nc3 Nc4 14.Qc2 Bg4 15.O-O 
Qd6 16.g3 Bxe2 17.Qxe2 Ba7 18.Rfd1 b5 19.Nf3 Rfe8 
20.Rac1 Nxe3 21.Rd3 Neg4 22.Qd2 Nxf2 23.Qc2 Nxd3+ 
24.Kg2 Nxc1 25.Qxc1 Rac8 26.Qg5 d4 27.Nh4 dxc3 
28.Nf5 Qd2+ 29.Qxd2 cxd2 0-1

[Event "HCL-E1556"]
[Site "www.playchess.de"]
[Date "2006.02.24"]
[Round "4"]
[White "Inge_Heumann"]
[Black "treebeard"]
[WhiteElo "1682"]
[BlackElo "1608"]
[PlyCount "39"]
[Result "1-0"]

1.e4 {Bonjour, let's have a nice game!}  c6 {Guten 
Tag and good game too!}  2.d4 {Excuse me my french 
is too bad, I did it 20 years ago in school!}  d5 
{So is my german!!}  3.Nc3 dxe4 4.Nxe4 Nd7 5.Nf3 
Ngf6 6.Ng3 e6 7.Bg5 Be7 8.Bd3 O-O 9.O-O Nd5 
10.Bxe7 Qxe7 11.c3 N7f6 12.Ne5 Qc7 13.Qf3 Rb8 
14.Rfe1 b5 15.Nh5 Nxh5 16.Qxh5 Nf6 17.Qh4 h6 
18.Re3 Bb7 19.Rg3 Qe7 20.Qxh6 1-0

[Event "HCL-E1555"]
[Site "www.playchess.de"]
[Date "2006.02.24"]
[Round "6"]
[White "kinghunter"]
[Black "Emerson"]
[WhiteElo "1789"]
[BlackElo "1838"]
[PlyCount "74"]
[Result "1/2-1/2"]

1.d4 Nf6 2.Nf3 g6 3.e3 Bg7 4.c4 O-O 5.Nc3 d6 6.Be2 
c6 7.O-O Nbd7 8.Qc2 e5 9.Bd2 Re8 10.d5 a6 11.e4 c5 
12.a4 h6 13.Qc1 Kh7 14.h3 Ng8 15.Nh2 g5 16.Ng4 
Ndf6 17.Nxf6+ Qxf6 18.Bh5 Ne7 19.Bg4 Ng6 20.Bxc8 
Raxc8 21.Ne2 Nf4 22.Ng3 Ng6 23.Nh5 Qe7 24.Nxg7 
Kxg7 25.g3 Qd7 26.Kg2 f5 27.Qc2 f4 28.Ra3 Ref8 
29.Qd1 f3+ 30.Kh2 g4 31.h4 Qe7 32.Rh1 Rcb8 33.a5 
b5 34.axb6 Rxb6 35.Rb3 Rfb8 36.Rxb6 Rxb6 37.Bc3 
Qd7 {(offering draw)}  1/2-1/2

[Event "HCL-A2490"]
[Site "www.playchess.de"]
[Date "2006.02.24"]
[Round "8"]
[White "mfrez"]
[Black "cliffoliveira"]
[WhiteElo "1700"]
[BlackElo "1436"]
[PlyCount "84"]
[Result "0-1"]

1.d4 Nf6 2.Nf3 g6 3.Bf4 Bg7 4.e3 O-O 5.Bd3 d6 
6.O-O Nbd7 7.Nbd2 Nh5 8.Bg5 f5 9.Nh4 Nhf6 10.Ndf3 
c5 11.c3 Qb6 12.Nxf5 Nd5 13.Nxg7 Kxg7 14.Qc2 N7f6 
15.e4 Nc7 16.e5 dxe5 17.dxe5 Nfd5 18.Bxe7 Nxe7 
19.c4 Bf5 20.Rad1 Ne6 21.Bxf5 Nxf5 22.Rd7+ Rf7 
23.Rfd1 Nfd4 24.Rxf7+ Kxf7 25.Qe4 Re8 26.h4 Nxf3+ 
27.Qxf3+ Kg8 28.b3 Nd4 29.Qd5+ Qe6 30.Qxb7 Re7 
31.Qa8+ Kg7 32.Rd3 Qxe5 33.Re3 Qf6 34.Kh2 Rxe3 
35.fxe3 Nf5 36.Qxa7+ Qe7 37.Qxe7+ Nxe7 38.Kg3 Nf5+ 
39.Kf4 Nxh4 40.g3 Nf5 41.e4 Nd4 42.e5 
Ne2+ 0-1

[Event "HCL-B3864"]
[Site "www.playchess.de"]
[Date "2006.02.24"]
[Round "3"]
[White "eisbaer17"]
[Black "pirracas"]
[WhiteElo "1235"]
[BlackElo "1727"]
[PlyCount "94"]
[Result "1/2-1/2"]

1.d4 {hi to Xalapa Mexico}  d5 2.Bf4 Nc6 {Hi to 
Germany}  3.e3 {have a good game!}  Bf5 {You too!} 
 4.Bb5 e6 5.Nf3 Bd6 6.Bxc6+ bxc6 7.Be5 f6 8.Bxd6 
Qxd6 9.O-O Ne7 10.c4 Qb4 11.Qb3 c5 12.Nbd2 O-O 
13.cxd5 exd5 14.Qxb4 cxb4 15.Nb3 Bd3 16.Rfe1 a5 
17.Nc5 Bb5 18.Rac1 a4 19.Ne6 Rfc8 20.Nxc7 Rab8 
21.Nxb5 Rxc1 22.Rxc1 Rxb5 23.Nd2 a3 24.bxa3 bxa3 
25.Rb1 Rb2 26.Rxb2 axb2 27.Kf1 Nc6 28.Ke1 Na5 
29.Nb1 Nc4 30.Kd1 Kf7 31.a4 Ke7 32.Kc2 Kd7 33.Kc3 
f5 34.f3 Kc6 35.g4 g6 36.e4 fxe4 37.fxe4 h5 
38.gxh5 gxh5 39.a5 Nxa5 40.exd5+ Kxd5 41.Kxb2 Kxd4 
42.Kc2 Ke3 43.Nc3 Nc4 44.h4 Kf4 45.Nd5+ Kg4 
46.Nf6+ Kxh4 47.Nxh5 Ne3+ {(offering draw)} 
 1/2-1/2